Falco Diskografie (1982 - 1998) - Statistiken

Allgemein
  • Dieses Quiz wurde 81 mal gespielt
  • Das Durchschnittsergebnis liegt bei 45 aus 77
Antwortstatistiken
Album Songtitel % Korrekt
Einzelhaft Der Kommissar
100%
Falco 3 Jeanny
96%
Out Of The Dark (Into The Light) Out Of The Dark
94%
Falco 3 Rock Me Amadeus
94%
Junge Roemer Junge Roemer
91%
Falco 3 Vienna Calling
87%
Wiener Blut Wiener Blut
87%
Einzelhaft Einzelhaft
85%
Out Of The Dark (Into The Light) Egoist
81%
Emotional Emotional
79%
Einzelhaft Ganz Wien
79%
Einzelhaft Maschine Brennt
79%
Nachtflug Nachtflug
79%
Emotional Coming Home
77%
Nachtflug Titanic
74%
Falco 3 America
72%
Data De Groove Data De Groove
72%
Einzelhaft Zuviel Hitze
70%
Einzelhaft Helden Von Heute
68%
Falco 3 Munich Girls
68%
Out Of The Dark (Into The Light) Mutter, Der Mann Mit Dem Koks Ist Da
68%
Emotional The Sound Of Musik
68%
Einzelhaft Nie Mehr Schule
64%
Junge Roemer Brillantin' Brutal
62%
Einzelhaft Auf Der Flucht
60%
Junge Roemer Kann Es Liebe Sein?
60%
Falco 3 Tango The Night
60%
Nachtflug Dance Mephisto
57%
Falco 3 It's All Over Now, Baby Blue
57%
Out Of The Dark (Into The Light) Naked
57%
Junge Roemer Hoch Wie Nie
55%
Junge Roemer Ihre Tochter
55%
Nachtflug Monarchy Now
55%
Junge Roemer Nur Mit Dir
55%
Nachtflug Cadillac Hotel
53%
Emotional Crime Time
53%
Wiener Blut Garbo
53%
Einzelhaft Hinter Uns Die Sintflut
53%
Falco 3 Macho Macho
53%
Junge Roemer No Answer (Hallo Deutschland)
53%
Junge Roemer Steuermann
53%
Out Of The Dark (Into The Light) Hit Me
51%
Emotional Les Nouveaux Riches
51%
Falco 3 Männer Des Westens - Any Kind Of Land
51%
Falco 3 Nothin' Sweeter Than Arabia
51%
Wiener Blut Satellite To Satellite
51%
Emotional The Star Of Moon And Sun
51%
Wiener Blut Untouchable
51%
Wiener Blut Falco Rides Again
49%
Emotional Kamikaze Cappa
49%
Nachtflug Propaganda
49%
Nachtflug Psychos
49%
Wiener Blut Sand Am Himalaya
49%
Nachtflug Skandal
49%
Emotional The Kiss Of Kathleen Turner
49%
Wiener Blut Tricks
49%
Emotional Cowboyz And Indianz
47%
Einzelhaft Siebzehn Jahr
47%
Data De Groove Alles Im Liegen
45%
Out Of The Dark (Into The Light) No Time For Revolution
45%
Nachtflug Time
45%
Junge Roemer Tut-Ench-Amon (Tutankhamen)
45%
Nachtflug Yah-Vibration
45%
Out Of The Dark (Into The Light) Cyberlove
43%
Data De Groove Neo Nothing - Post Of All
43%
Data De Groove Pusher
43%
Wiener Blut Read A Book
43%
Wiener Blut Walls Of Silence
43%
Data De Groove Charisma Kommando
40%
Wiener Blut Do It Again
40%
Out Of The Dark (Into The Light) Shake
40%
Wiener Blut Solid Booze
40%
Data De Groove Tanja P. Nicht Cindy C.
40%
Data De Groove Bar Minor 7/11 (Jeanny Dry)
38%
Data De Groove Expocityvisions
38%
Data De Groove Anaconda 'Mour
34%
Data De Groove U.4.2.P.1.Club Dub
34%
Keine übereinstimmenden Quizze gefunden
Verteilung der Resultate
Anzahl Personen mit jedem Resultat
Perzentil nach korrekt beantworteten Fragen
Ihre Resultats-Entwicklung
Sie haben dieses Quiz noch nicht gespielt